00773cam a2200193 a 450000100100000000500170001000800410002704000250006808200190009311101170011224500900022926000740031930000190039349000140041265100650042671000440049171000290053583000150056400000254720200929150218.0900315s1988 uy 101 0 spa  aDO-SdBNPbspacBNPHU a989.504bS612i2 aSimposio Internacional, coloquios y conferenciacParque Hotel, Montevideo, UruguaydDel 7 al 10 de Junio de 198814aLas ideas filosóficas que influyeron en la formación del Uruguay contemporáneo. aMontevideo, Uruguay :bFundación Prudencio Vázquez y Vega,c1988. a2 t. ;c26 cm.1 aCuadernos 4aUruguayxPolítica Y Gobiernoy1810-xFilosofíaxCongreso2 aFundación Prudencio Vázquez y Vega.2 aFundación Hanns-Seidel 0aCuadernos.